LEADER 01103nam0 22002771i 450 001 RML0293103 005 20231121125737.0 010 $a0471237663 100 $a20121121d2003 ||||0itac50 ba 101 | $aeng 102 $aus 181 1$6z01$ai $bxxxe 182 1$6z01$an 200 1 $aIntroduction to biomedical imaging$fAndrew Webb 210 $aHoboken $cWiley $d2003 215 $aXIII, 252 p.$d24 cm 676 $a616.0754$9$v21 700 1$aWebb$b, Andrew$3RMLV189220$0268570 801 3$aIT$bIT-01$c20121121 850 $aIT-FR0099 899 $aBiblioteca Area Ingegneristica$bFR0099 912 $aRML0293103 950 0$aBiblioteca Area Ingegneristica$d 54DAE 616.07 WEB$e 54VM 0000626895 VM barcode:ING0000022. - Inventario:729AVM$fA $h20060803$i20121204$d 54ATENE 616.07 WEB$e 54VM 0000626885 VM barcode:BAIN003574. - Inventario:5716. - Fondo:Patrimonio Amm.ne Centrale - FrosinoneVM$fA $h20070605$i20121204 977 $a 54 996 $aIntroduction to biomedical imaging$91735132 997 $aUNICAS LEADER 01071nam0 22002651i 450 001 UON00295476 005 20231205103940.494 100 $a20070521d1961 |0itac50 ba 101 $ager 102 $aDE 105 $a|||| 1|||| 200 1 $aPontus und Sidonia$ein der Verdeutschung eines Ungenannten aus dem 15. Jahrhunderts/ kritisch herausgegeben von Karin Schneider 210 $aBerlin$cSchmidt$dc1961 215 $a266 p.$d22 cm. 410 1$1001UON00294457$12001 $aTexte des späten Mittelaters$1210 $aBerlin$cSchmidt.$vHeft 14 620 $aDE$dBerlin$3UONL003157 676 $a830.3$cLetteratura tedesca. 1350-1517$v21 702 1$aSCHNEIDER$bKarin$3UONV170035 712 $aSchmidt$3UONV266260$4650 801 $aIT$bSOL$c20240220$gRICA 899 $aSIBA - SISTEMA BIBLIOTECARIO DI ATENEO$2UONSI 912 $aUON00295476 950 $aSIBA - SISTEMA BIBLIOTECARIO DI ATENEO$dSI Fil.G VI 337 $eSI ST 861 5 337 996 $aPontus und Sidonia$91250620 997 $aUNIOR